MARC details
| 000 -CABECERA |
| campo de control de longitud fija |
01050nam a2200289 a 4500 |
| 005 - FECHA Y HORA DE LA ÚLTIMA TRANSACCIÓN |
| campo de control |
20231108063819.0 |
| 008 - ELEMENTOS DE LONGITUD FIJA--INFORMACIÓN GENERAL |
| campo de control de longitud fija |
040310s2003 mx r 000 0 spa d |
| 020 ## - NÚMERO INTERNACIONAL NORMALIZADO PARA LIBROS |
| Número Internacional Estándar del Libro |
9681669592 |
| 035 ## - NÚMERO DE CONTROL DEL SISTEMA |
| Número de control de sistema |
UPN01000132588 |
| 040 ## - FUENTE DE LA CATALOGACIÓN |
| Centro catalogador/agencia de origen |
UPN |
| Lengua de catalogación |
spa |
| Centro/agencia transcriptor |
UPN |
| 049 ## - COLECCIÓN |
| Colección |
CG |
| 050 #4 - SIGNATURA TOPOGRÁFICA DE LA BIBLIOTECA DEL CONGRESO |
| Número de clasificación |
LC313 M6 |
| Número de documento/Ítem |
L3.3 |
| 100 1# - ASIENTO PRINCIPAL--NOMBRE PERSONAL |
| Nombre de persona |
Latapí, Pablo, |
| Fechas asociadas al nombre |
1927-2009 |
| 9 (RLIN) |
28858 |
| 245 13 - MENCIÓN DE TÍTULO |
| Título |
El debate sobre los valores en la escuela mexicana / |
| Mención de responsabilidad, etc. |
Pablo Latapí Sarre ; colab. Concepción Chávez Romo. |
| 260 ## - PUBLICACIÓN, DISTRIBUCIÓN, ETC. |
| Lugar de publicación, distribución, etc. |
México : |
| Nombre del editor, distribuidor, etc. |
FCE, |
| Fecha de publicación, distribución, etc. |
c2003. |
| 300 ## - DESCRIPCIÓN FÍSICA |
| Extensión |
236 p. + |
| Material acompañante/anejo |
1 CD-ROM ; 4 3/4 plg., 1 disquete 3 1/4 plg. |
| 440 #0 - MENCIÓN DE SERIE/ASIENTO SECUNDARIO--TÍTULO |
| Título |
Educación y pedagogía |
| 500 ## - NOTA GENERAL |
| Nota general |
El CD-ROM y el disquete, solicítalos en el Departamento de Documentación |
| 590 ## - NOTA LOCAL (RLIN) |
| Nota local |
Bibliografía Básica (BGTQ) |
| 590 ## - NOTA LOCAL (RLIN) |
| Nota local |
(También localizas un ejemplar en el "Area de Reserva") |
| 650 #7 - ASIENTO SECUNDARIO DE MATERIA - TERMINO TEMATICO |
| Término de materia o nombre geográfico como elemento de entrada |
Educación moral |
| Subdivisión geográfica |
México |
| Fuente del encabezamiento o término |
|
| 9 (RLIN) |
7993 |
| 650 #4 - ASIENTO SECUNDARIO DE MATERIA - TERMINO TEMATICO |
| Término de materia o nombre geográfico como elemento de entrada |
Educación y Estado |
| Subdivisión geográfica |
México |
| 9 (RLIN) |
476 |
| 650 #2 - ASIENTO SECUNDARIO DE MATERIA - TERMINO TEMATICO |
| Término de materia o nombre geográfico como elemento de entrada |
Valores morales |
| 9 (RLIN) |
5323 |
| 700 1# - ASIENTO SECUNDARIO--NOMBRE DE PERSONAL |
| Nombre de persona |
Chávez Romo, Concepción, |
| Fechas asociadas al nombre |
colab. |
| 905 ## - TIPO DE MATERIAL |
| Tipo de material |
Libro |
| 942 ## - ELEMENTOS DE PUNTO DE ACCESO ADICIONAL (KOHA) |
| Fuente del sistema de clasificación o colocación |
Library of Congress Classification |
| Tipo de ítem Koha |
Libro |